000
00184nam a2200073Ia 4500
008
170524s9999 xx 000 0 und d
100
_a
GITMAN
245
0
_a
PRINCIPLES OF MANAGERIAL FINANCE
260
_b
CONCEPT PUB. CO.
999
_c
7958
_d
7958